| 000 | 00639cab a2200229 4500 | ||
|---|---|---|---|
| 001 | WB3143-46 | ||
| 008 | 090401t1995 xxu||||| |||| 00| 0 eng d | ||
| 035 | _a(Sirsi) u28873 | ||
| 041 | _aeng | ||
| 245 | _aRuralists fighting back | ||
| 260 | _c1995 | ||
| 350 | _a0 | ||
| 490 |
_aTimes _v17 November 1995, 7(1) |
||
| 520 | _aThe Countryside Movement has been launched to counter growing hostility from the urban population about rural life. | ||
| 650 | _aCOUNTRYSIDE MOVEMENT | ||
| 650 | _aPRESSURE GROUP | ||
| 650 | _aRURAL ECONOMY | ||
| 650 | _aRURAL LIFE | ||
| 690 | _aRURAL PRACTICE | ||
| 942 | _n0 | ||
| 948 | _c04/03/1997 | ||
| 999 |
_c19424 _d19424 |
||